VALORANT International Attendees - Statistics

General Stats
  • This quiz has been taken 237 times
  • The average score is 63 of 74
Answer Stats
Hint Answer % Correct
China (Omega) EDward Gaming
94%
Americas #3 Evil Geniuses
94%
Americas #1 LOUD
94%
Pacific #2 DRX
93%
EMEA #2 Fnatic
93%
Americas #2 NRG Esports
93%
Pacific #1 Paper Rex
93%
Americas #1 Evil Geniuses
92%
EMEA #1 Fnatic
92%
Americas #1 Sentinels
91%
China #1 EDward Gaming
90%
China (Alpha) FunPlus Phoenix
90%
Pacific #1 GenG
90%
Pacific #1 Paper Rex
90%
Pacific #2 Paper Rex
90%
Pacific #2 DRX
89%
China #2 EDward Gaming
89%
China #1 EDward Gaming
89%
Pacific #2 GenG
89%
Americas #3 LOUD
89%
Americas #2 LOUD
89%
Pacific #3 T1
89%
EMEA #2 Team Heretics
89%
EMEA #1 Team Liquid
89%
Americas #1 100 Thieves
88%
China #1 EDward Gaming
88%
Americas #2 G2 Esports
88%
Americas #2 G2 Esports
88%
Americas (LCQ) KRU Esports
88%
Americas #1 Leviatan
88%
Americas #2 NRG Esports
88%
Pacific #1 Paper Rex
88%
EMEA #2 Team Heretics
88%
EMEA #3 Team Heretics
88%
EMEA #1 Fnatic
87%
EMEA #1 Fnatic
87%
China #2 FunPlus Phoenix
87%
China #2 FunPlus Phoenix
87%
Americas #1 G2 Esports
87%
EMEA #1 Karmine Corp
87%
Americas #3 Leviatan
87%
Americas #2 Sentinels
87%
EMEA #1 Team Vitality
87%
Pacific #1 DRX
86%
China #1 EDward Gaming
86%
Pacific #1 GenG
86%
Americas (Chm. Pts.) Sentinels
86%
Pacific #2 DRX
85%
China #1 EDward Gaming
85%
Pacific #3 Paper Rex
85%
Pacific #2 T1
85%
EMEA #2 Team Liquid
85%
EMEA #3 FUT Esports
84%
Pacific #3 T1
84%
Pacific #3 T1
84%
EMEA #4 Natus Vincere
83%
China #3 FunPlus Phoenix
82%
EMEA #3 FUT Esports
82%
China #2 Trace Esports
82%
China #2 FunPlus Phoenix
81%
EMEA #3 FUT Esports
81%
EMEA (Chm. Pts.) FUT Esports
80%
Americas #3 KRU Esports
80%
EMEA (LCQ #2) Natus Vincere
80%
Pacific (Chm. Pts.) Talon
80%
China #3 Trace Esports
79%
China #2 Bilibili Gaming
78%
EMEA #2 Team Vitality
78%
EMEA #2 Team Liquid
76%
China (Chm. Pts.) Bilibili Gaming
75%
China #3 Dragon Ranger Gaming
73%
EMEA (LCQ #1) Giants Gaming
69%
Pacific (LCQ) ZETA Division
69%
China #1 Attacking Soul Esports
54%
No matching quizzes found
Score Distribution
Percent of People with Each Score
Percentile by Number Answered
Your Score History
You have not taken this quiz